Guia de la premsa local i comarcal : Alt Empordà, Baix Empordà, Cerdanya, Garrotxa, Gironès, Ripollès, la Selva / Direcció General de Mitjans de Comunicació Alt Empordà, Baix Empordà, Cerdanya, Garrotxa, Gironès, Ripollès, la Selva / Direcció General de Mitjans de Comunicació
Publicado:
Barcelona :
Departament de Cultura i Mitjans de Comunicació, Generalitat de Catalunya ,
1982
Descripción Física:
71 p. : il. ; 23 cm
MARC
| LEADER | 00000nam a2200000Ia 4500 | ||
|---|---|---|---|
| 001 | 1411 | ||
| 008 | 160829s1982 xx 000 0 cat d | ||
| 080 | |a O-1-52 | ||
| 245 | |a Guia de la premsa local i comarcal : |b Alt Empordà, Baix Empordà, Cerdanya, Garrotxa, Gironès, Ripollès, la Selva / Direcció General de Mitjans de Comunicació | ||
| 260 | |a Barcelona : |b Departament de Cultura i Mitjans de Comunicació, Generalitat de Catalunya, |c 1982 | ||
| 300 | |a 71 p. : |b il. ; |c 23 cm | ||
| 650 | |a Premsa |x Girona (Província) |x Directoris |9 22029 | ||
| 710 | 1 | |a Catalunya. |b Departament de Cultura i Mitjans de Comunicació |9 55890 | |
| 901 | |a Arxiu | ||
| 942 | |n 1 | ||
| 952 | |0 0 |1 0 |4 0 |6 O152 |7 1 |9 42010 |a Arxiu |b Arxiu |d 2016-12-01 |l 0 |o O-1-52 |p 1411 |r 2016-12-01 00:00:00 |w 2016-12-01 |y ARXIU | ||
| 999 | |c 44457 |d 44457 | ||